Slovensko predbehlo Európu slovenský koncert na európskom šampionáte v kulturistike žien, párov a fitness, Poľsko, 9. máj 1998

Bibliographic Details
Main Author: Vons, Peter (Author)
Format: Article
Language:Slovak
PhysicalDescription:Fotogr.
Subjects:

MARC

LEADER 00000nab a2200000 a 4500
001 vtls000658544
003 SK-MaSNL
005 20260302183516.0
008 180207c1998 xo 0 slo
015 |a SNBRB1998/05-13316 
035 |a CLN000010736 
040 |a SNKBUCL  |b slo  |c SNKBUCL  |e AACR2 
041 0 |a slo 
044 |a xo  |c SK 
080 |a 796.420.093.1(4)  |2 UDC-MRF-SK2 
100 1 |a Vons, Peter  |4 aut  |9 847076 
245 1 0 |a Slovensko predbehlo Európu  |b slovenský koncert na európskom šampionáte v kulturistike žien, párov a fitness, Poľsko, 9. máj 1998  |c Peter Vons 
300 |b Fotogr. 
611 1 7 |a Majstrovstvá Európy v športovej kulturistike žien, párov a fitness  |d 1998  |c Płońsk, Poľsko  |2 snkbucl  |9 897211 
650 0 7 |a kulturistika  |2 snkbucl  |9 3254 
650 0 7 |a fitnes  |2 snkbucl  |9 31481 
655 7 |a články z novín a časopisov  |2 snkbucl  |9 267496 
773 0 |t Kulturistika a fitness  |g Roč. 8, č. 5 (1998), s. 40-41 
850 |a Slovenská národná knižnica v Martine 
852 |a SNK  |b KIS3GCP 
958 |a RBX 
999 |c 1421990  |d 1423920